Statistics for 2 Cities Furthest from larger city for Each Country on the World Map

Click here to take the quiz!

General Stats

  • This quiz has been taken 527 times
  • The average score is 172 of 341

Answers on the Map

Answers color-coded by a green-red scale on the quiz's map according to % correct below.
 

Answer Stats

CountryCity% Correct
United StatesNew York
96%
MexicoMexico City
93%
United StatesHonolulu
91%
Sierra LeoneBo
88%
United KingdomLondon
88%
SpainMadrid
87%
RussiaMoscow
87%
ArgentinaBuenos Aires
85%
IrelandDublin
85%
CubaHavana
85%
PeruLima
85%
PortugalLisbon
85%
AustraliaSydney
85%
GermanyBerlin
84%
ColombiaBogotá
84%
ChileSantiago
84%
BrazilSão Paulo
84%
JapanTokyo
84%
GreeceAthens
83%
EgyptCairo
83%
IndiaDelhi
83%
NorwayOslo
83%
SwedenStockholm
83%
South AfricaCape Town
82%
TurkeyIstanbul
82%
UkraineKiev
82%
IndiaMumbai
82%
South KoreaSeoul
82%
New ZealandAuckland
81%
United KingdomGlasgow
81%
FinlandHelsinki
81%
AustraliaPerth
81%
BelgiumBrussels
80%
IndonesiaJakarta
80%
South AfricaJohannesburg
80%
ItalyMilan
80%
PanamaPanama City
80%
TunisiaTunis
80%
PolandWarsaw
80%
New ZealandWellington
80%
AlgeriaAlgiers
79%
TurkeyAnkara
79%
IraqBaghdad
79%
ThailandBangkok
79%
HungaryBudapest
79%
GuatemalaGuatemala City
79%
BoliviaLa Paz
79%
PhilippinesManila
79%
EcuadorQuito
79%
SingaporeSingapore
79%
VenezuelaCaracas
78%
DenmarkCopenhagen
78%
NigeriaLagos
78%
ItalyNaples
78%
HaitiPort-au-Prince
78%
North KoreaPyongyang
78%
IranTehran
78%
AustriaVienna
78%
RomaniaBucharest
77%
JamaicaKingston
77%
Saint Vincent and the GrenadinesKingstown
77%
CanadaCalgary
76%
United Arab EmiratesDubai
76%
IcelandReykjavik
76%
Saudi ArabiaRiyadh
76%
Dominican RepublicSanto Domingo
76%
CroatiaZagreb
76%
ParaguayAsunción
75%
MoroccoCasablanca
75%
SenegalDakar
75%
BangladeshDhaka
75%
BelarusMinsk
75%
Czech RepublicPrague
75%
BulgariaSofia
75%
TaiwanTaipei
75%
SerbiaBelgrade
74%
Sri LankaColombo
74%
ChinaGuangzhou
74%
VietnamHanoi
74%
Democratic Republic of the CongoKinshasa
74%
FranceLyon
74%
MongoliaUlaanbaatar
74%
SwitzerlandZurich
74%
EthiopiaAddis Ababa
73%
AzerbaijanBaku
73%
VietnamHo Chi Minh City
73%
KenyaNairobi
73%
BahamasNassau
73%
LatviaRiga
73%
NetherlandsRotterdam
73%
El SalvadorSan Salvador
73%
JordanAmman
72%
AfghanistanKabul
72%
PakistanKarachi
72%
NepalKathmandu
72%
SudanKhartoum
72%
KuwaitKuwait City
72%
AngolaLuanda
72%
UruguayMontevideo
72%
Costa RicaSan José
72%
EstoniaTallinn
72%
IsraelTel Aviv-Jaffa
72%
GhanaAccra
71%
MonacoMonaco
71%
CyprusNicosia
71%
YemenSana'a
71%
Bosnia and HerzegovinaSarajevo
71%
GeorgiaTbilisi
71%
AlbaniaTirana
71%
Vatican CityVatican City
71%
LithuaniaVilnius
71%
United Arab EmiratesAbu Dhabi
70%
MadagascarAntananarivo
70%
IrelandCork
70%
GuyanaGeorgetown
70%
AndorraAndorra la Vella
69%
TanzaniaDar es Salaam
69%
QatarDoha
69%
SloveniaLjubljana
69%
LuxembourgLuxembourg
69%
OmanMuscat
69%
NicaraguaManagua
68%
MexicoMonterrey
68%
Papua New GuineaPort Moresby
68%
NamibiaWindhoek
68%
ArmeniaYerevan
68%
SlovakiaBratislava
67%
SwitzerlandGeneva
67%
MaldivesMale
67%
SomaliaMogadishu
67%
JapanSapporo
67%
UzbekistanTashkent
67%
LebanonBeirut
66%
FranceBordeaux
66%
MoldovaChisinau
66%
San MarinoSan Marino
66%
MacedoniaSkopje
66%
HondurasTegucigalpa
66%
DjiboutiDjibouti
65%
Sierra LeoneFreetown
65%
Saudi ArabiaJeddah
65%
ZambiaLusaka
65%
BrazilRecife
65%
MaltaValletta
65%
SeychellesVictoria
64%
MaliBamako
63%
SwedenGothenburg
63%
CanadaHalifax
63%
ZimbabweHarare
63%
SurinameParamaribo
63%
KosovoPristina
63%
BelizeBelmopan
62%
MozambiqueMaputo
62%
MontenegroPodgorica
62%
GermanyThe Ruhr
62%
Côte d'IvoireAbidjan
61%
UgandaKampala
61%
ChadN'Djamena
61%
Trinidad and TobagoPort-of-Spain
61%
FijiSuva
61%
MyanmarYangon
61%
TurkmenistanAshgabat
60%
KyrgyzstanBishkek
60%
BarbadosBridgetown
60%
South KoreaBusan
60%
South SudanJuba
60%
RwandaKigali
60%
LiberiaMonrovia
60%
NigerNiamey
60%
BhutanThimphu
60%
ChinaÜrümqi
60%
SyriaAleppo
59%
East TimorDili
59%
BahrainManama
59%
CambodiaPhnom Penh
59%
Cape VerdePraia
59%
Antigua and BarbudaSaint John's
59%
CameroonYaoundé
59%
Central African RepublicBangui
58%
TajikistanDushanbe
58%
GabonLibreville
58%
Burkina FasoOuagadougou
58%
MauritiusPort Louis
58%
São Tomé and PríncipeSao Tome
58%
KazakhstanAlmaty
57%
EritreaAsmara
57%
Guinea-BissauBissau
57%
GuineaConakry
57%
MalawiLilongwe
57%
LaosVientiane
57%
SamoaApia
56%
LebanonTripoli
56%
EcuadorGuayaquil
55%
MauritaniaNouakchott
55%
GrenadaSaint George's
55%
Saint LuciaCastries
53%
TogoLomé
53%
BruneiBandar Seri Begawan
52%
TuvaluFunafuti
52%
GreeceHeraklion
52%
Solomon IslandsHoniara
52%
NigeriaKano
52%
CroatiaSplit
52%
LiechtensteinVaduz
52%
DenmarkAarhus
51%
Saint Kitts and NevisBasseterre
51%
UkraineKharkiv
51%
EgyptLuxor
51%
ComorosMoroni
51%
VanuatuPort Vila
51%
GambiaBanjul
50%
BelizeBelize City
50%
BotswanaGaborone
50%
DominicaRoseau
50%
BoliviaSanta Cruz
50%
BangladeshChittagong
49%
LesothoMaseru
49%
KiribatiTarawa
49%
NorwayTrondheim
49%
KenyaMombasa
47%
TongaNuku'alofa
47%
PhilippinesCebu
46%
SpainLas Palmas de Gran Canaria
44%
Equatorial GuineaMalabo
44%
SwazilandMbabane
44%
AlgeriaOran
44%
ColombiaBarranquilla
43%
LibyaBenghazi
43%
Czech RepublicBrno
43%
BurundiBujumbura
43%
PolandKatowice
43%
Marshall IslandsMajuro
43%
NauruYaren
42%
FinlandOulu
41%
MyanmarMandalay
40%
IraqMosul
40%
Federated States of MicronesiaPalikir
40%
RomaniaCluj-Napoca
39%
BulgariaVarna
39%
IranMashhad
37%
ChilePunta Arenas
37%
AustriaLinz
36%
PortugalFunchal
35%
PalauMelekeok
34%
NetherlandsGroningen
33%
MoroccoAgadir
31%
IsraelHaifa
31%
RussiaPetropavlovsk-Kamchatsky
29%
TaiwanKaohsiung
28%
SlovakiaKosice
28%
HondurasSan Pedro Sula
26%
TunisiaSfax
26%
PeruIquitos
25%
Bosnia and HerzegovinaBanja Luka
23%
BelarusGomel
23%
IndonesiaJayapura
23%
Democratic Republic of the CongoMbuji-Mayi
23%
Republic of the CongoPointe-Noire
23%
PakistanQuetta
23%
ArgentinaComodoro Rivadavia
20%
LatviaDaugavpils
19%
PalauKoror State
19%
CyprusLimassol
19%
OmanSalalah
19%
CubaCamaguey
18%
AfghanistanHerat
18%
EstoniaTartu
18%
MalaysiaKuching
17%
ZimbabweBulawayo
16%
HungaryPecs
16%
VenezuelaCiudad Guayana
15%
BelgiumGent
15%
MalaysiaKota Kinabalu
15%
ParaguayCiudad del Este
14%
LiechtensteinSchaan
14%
Federated States of MicronesiaWeno
14%
MaltaBirkirkara
13%
KyrgyzstanOsh
13%
NigerAgadez
12%
Equatorial GuineaBata
12%
KazakhstanKaragandy
11%
Burkina FasoBobo-Dioulasso
10%
AzerbaijanGanja
10%
TurkmenistanMary
10%
MozambiqueNampula
10%
Trinidad and TobagoChaguanas
9%
AngolaHuambo
9%
KosovoPrizren
9%
YemenAl Mukalla
8%
MoldovaBalti
8%
UzbekistanNukus
8%
San MarinoSerravalle
8%
CambodiaBattambang
7%
North KoreaChongjin
7%
SerbiaKragujevac
7%
GeorgiaK'ut'aisi
7%
ZambiaLivingstone
7%
TanzaniaMbeya
7%
NepalPokhara
7%
LibyaSabha
7%
El SalvadorSan Miguel
7%
LithuaniaSiauliai
7%
SenegalTouba
7%
NauruArijejen
6%
Côte d'IvoireBouake
6%
AlbaniaElbasan
6%
Sri LankaJaffna
6%
HaitiPort-de-Paix
6%
GhanaTamale
6%
MadagascarToliara
6%
SudanEl Daein
5%
ArmeniaGyumri
5%
GuineaKankan
5%
SomaliaKismayo
5%
SwazilandManzini
5%
GabonPort-Gentil
5%
GuatemalaQuetzaltenango
5%
Dominican RepublicSantiago de los Caballeros
5%
ThailandUdon Thani
5%
South SudanWau
5%
EthiopiaBahir Dar
4%
BeninDjougou
4%
CameroonGaroua
4%
MalawiMzuzu
4%
Central African RepublicBimbo
3%
SyriaDeir ez-Zor
3%
UgandaGulu
3%
JordanIrbid
3%
BeninKandi
3%
TajikistanKhujand
3%
NicaraguaMatagalpa
3%
ChadMoundou
3%
JamaicaSpanish Town
3%
KuwaitAl Ahmadi
2%
QatarAr Rayyan
2%
GambiaBrikama
2%
Republic of the CongoDolisie
2%
MaliMopti
2%
PanamaSan Miguelito
2%
TogoSokode
2%
MauritiusVacoas
2%

Score Distribution

Percentile by Number Answered

Percent of People with Each Score

Your Score History

You have not taken this quiz